000 00423nam a2200133Ia 4500
008 231129s2011||||xx |||||||||||||| ||spa||
020 _a978-958-98906-6-0
082 _aER- 062
100 _aCano Arango Gustavo y Cano Arango Stella
245 0 _aEl enigma de Monte Blanco
260 _c2011
264 _aPereira: Fondo Editorial del Departamento de Risaralda 2011
942 _2ddc
_cBKS
999 _c10966
_d10966